000 00586nas a2200217 4500
001 BR9202359
003 BR-BrBNA
005 20231205092502.0
007 ta
008 230509b bl.|||p| |||| 00| 00por d
040 _aBR-BrBNA
_bpor
_cBiblioteca Nacional de Agricultura
041 _a(Pt)
072 _aF04
100 1 _aAnon.
245 1 _aAlfafa; a rainha nao gosta de muita agua [irrigacao]
650 _aALFAFA
650 _aIRRIGACAO
773 0 _tGuia Rural (Brazil)
_x
_g(Feb 1991), p. 158
_wBR9202359
909 _a202311
_bLúcia
_c55
_dLúcia Elande
942 _2AGRIS
_n0
_cANA
999 _c132066
_d132066